书目信息 |
| 题名: |
中国省(区)地理
|
|
| 作者: | ;中国科学院地理研究所 编 | |
| 分册: | ||
| 出版信息: | 北京 商务印书馆 1977 |
|
| 页数: | 256页 | |
| 开本: | 26cm | |
| 丛书名: | ||
| 单 册: | ||
| 中图分类: | K928.2 | |
| 科图分类: | ||
| 主题词: | 政区--中国 | |
| 电子资源: | ||
| ISBN: | ||
| 000 | 00669nam0 2200229 45 | |
| 001 | 0177000810 | |
| 005 | 20060804093529.20 | |
| 010 | @dCNY1.35 | |
| 100 | @a19951024d1977 em y0chiy0121 ea | |
| 101 | 0 | @achi |
| 102 | @aCN@b110000 | |
| 105 | @ay z 000yy | |
| 200 | 10 | @a中国省(区)地理@Azhong guo sheng ( qu ) di li@f中国科学院地理研究所编 |
| 210 | @a北京@c商务印书馆@d1977 | |
| 215 | @a256页@d26cm | |
| 517 | 1 | @a中国省区地理@Azhong guo sheng qu di li |
| 606 | @a政区@y中国 | |
| 690 | @aK928.2@v3 | |
| 711 | 02 | @a中国科学院地理研究所@Azhong guo ke xue yuan di li yan jiu suo@4编 |
| 801 | 2 | @aCN@bNLC@c20060804 |
| 801 | 0 | @aCN@bTSSF |
| 905 | @a10447@dK928.2@e323 | |
| 中国省(区)地理/中国科学院地理研究所编.-北京:商务印书馆,1977 |
| 256页;26cm |
| ISBN :CNY1.35 |
| ● |
| 相关链接 |
|
|
|
|
正题名:中国省(区)地理
索取号:K928.2/323
 
预约/预借
| 序号 | 登录号 | 条形码 | 馆藏地/架位号 | 状态 | 备注 |
| 1 | 0444550 | 204445500 | 密集书库/ [索取号:K928.2/323] | 在馆 |